Picasso grabador : exposición : homenaje a los ochenta años de Picasso /

Guardado en:
Bibliografiske detaljer
Hovedforfatter: Picasso, Pablo (artista)
Institution som forfatter: UNAM. Dirección General de Difusión Cultural
Format: Bog
Sprog:spansk
Udgivet: México : UNAM, Museo de Ciencias y Arte, 1961
Tags: Tilføj Tag
Ingen Tags, Vær først til at tagge denne postø!

MARC

LEADER 00000nam^a2200000^a^4500
001 000583780
005 20250526000000.0
009 20260310132657.068
037 |a Acervo ITESO - Biblioteca 
041 |a ESP 
091 |a FCO. 00543 
100 |a Picasso, Pablo  |e (artista) 
245 1 0 |a Picasso grabador :  |b exposición : homenaje a los ochenta años de Picasso / 
264 1 |a México :  |b UNAM, Museo de Ciencias y Arte,  |c 1961 
300 |a 29 p., [16 p. de láminas] ;  |c 24.5 cm. 
336 |a texto  |b txt  |2 rdacontenido 
337 |a sin mediación  |b n  |2 rdamedio 
338 |a volumen  |b nc  |2 rdasoporte 
649 |a XX 
710 |a UNAM.  |b Dirección General de Difusión Cultural 
910 |a Fondo Erich Coufal Kieswetter 
920 |a Impresos - Libros 
930 |a Libros Antiguos y Raros 
905 |a 142 
901 |a 0500412134  |b IT2  |c LRA  |i D  |u 20250526 
902 |a https://opac.biblio.iteso.mx/vufind/Record/000583780